2022 Annual Audit Committee Report Of Council For Scientific And Industrial Research (CSIR). (Record no. 4411)

MARC details
000 -LEADER
fixed length control field 00525nam a22001697a 4500
003 - CONTROL NUMBER IDENTIFIER
control field OSt
005 - DATE AND TIME OF LATEST TRANSACTION
control field 20240822141800.0
008 - FIXED-LENGTH DATA ELEMENTS--GENERAL INFORMATION
fixed length control field 240822b |||||||| |||| 00| 0 eng d
041 ## - LANGUAGE CODE
Language code of text/sound track or separate title English
082 ## - DEWEY DECIMAL CLASSIFICATION NUMBER
Classification number CR/CSIR/22 Acc.no.:9645
110 ## - MAIN ENTRY--CORPORATE NAME
Corporate name or jurisdiction name as entry element Parliament Of Ghana
245 ## - TITLE STATEMENT
Title 2022 Annual Audit Committee Report Of Council For Scientific And Industrial Research (CSIR).
260 ## - PUBLICATION, DISTRIBUTION, ETC.
Place of publication, distribution, etc. Accra
Name of publisher, distributor, etc. Parliament Of Ghana
Date of publication, distribution, etc. 2022
300 ## - PHYSICAL DESCRIPTION
Extent 23p., tabs.;
653 ## - INDEX TERM--UNCONTROLLED
Uncontrolled term 2022 Annual Audit Committee Report (CSIR).
942 ## - ADDED ENTRY ELEMENTS (KOHA)
Source of classification or shelving scheme Dewey Decimal Classification
Koha item type Annual Report
Suppress in OPAC No

No items available.

©2026  Parliament of Ghana Library - All rights reserved